Statistics for USA Citizenship Practice Test

Click here to take the quiz!

General Stats

  • This quiz has been taken 261 times
  • The average score is 26 of 34

Answer Stats

QuestionAnswer% Correct
What group of people was taken to America and sold as slaves?Aficans
97%
Why does the flag have 50 stars?Beacuse there are 50 states
96%
What do we show loyalty to when we say the Pledge of Allegiance?The United States
96%
What ocean is on the West Coast of the United States?Pacific Ocean
94%
What is freedom of religion?You can pratice any religion, or not practice any religion
93%
What is the name of the President of the United States now?Joe Biden
92%
What ocean is on the East Coast of the United States?Atlantic Ocean
91%
Who is the vice president of the United States now?Kamala Harris
91%
What is the highest court in the United States?The Supreme Court
91%
What movement tried to end racial discrimination?Civil Rights
90%
Name two national U.S. holidays.Labor Day and Thanksgiving
88%
Name one of the two longest rivers in the United States.Missisipi river
88%
There are four amendments to the Constitution about who can vote. Describe one of them.Citizens older than 18 can vote
86%
What do we call the first ten amendments to the Constitution?the Bill of Rights
83%
What is one right from the First Amendment?Freedom of Speech
82%
Who is in charge of the executive branch?the President
79%
What is the name of the Speaker of the House of Representatives now?Nancy Pelosi
78%
What is one right from the Second Amendment?The right to Bear Arms
72%
What stops one branch of government from becoming too powerful?checks and balances
71%
Which one of these territories belongs to the United States?Guam
71%
Name one right only for United States citizens.run for federal office
70%
Who was President during World War I?Woodrow Wilson
70%
What does the Constitution do?all of those anwsers
69%
What is one reason colonists came to America?Freedom
69%
Who is the Chief Justice of the United States now?John G. Roberts Jr.
69%
Why did the colonists fight the British?all of those anwsers
68%
If both the President and the Vice President can no longer serve, who becomes President?The speaker of the house
67%
What happened at the Constitutional Convention?The Constitution was written
65%
When must all men register for the Selective Service?Between 18 and 26
64%
How many U.S. Senators are there?100
61%
What are two rights in the Declaration of Independence?life and pursuit of happiness
59%
What did Susan B. Anthony do?fought for women's rights
53%
We elect a U.S. Senator for how many years?6
45%
Where is the Statue of Liberty?Hawaii
0%

Score Distribution

Percentile by Number Answered

Percent of People with Each Score

Your Score History

You have not taken this quiz